[Event "IX Guillermo Garcia Mem Alfil, Santa Cl"]
[Site "?"]
[Date "2001.??.??"]
[Round "?"]
[White "Almeida, O."]
[Black "Gomez, Fe"]
[Result "1-0"]
[WhiteElo "2425"]
[BlackElo "2460"]
[PlyCount "103"]
[EventDate "2001.??.??"]
[Source "www.chesslib.no"]
[SourceDate "2004.05.04"]

1. d4 d5 2. Nf3 c5 3. dxc5 e6 4. c4 Bxc5 5. cxd5 exd5 6. a3 Nf6 7. b4 Bb6 8. Bb2 O-O 9. e3 a5 10. b5 Be6 11. Nc3 Nbd7 12. Be2 a4 13. Nxa4 Ba5+ 14. Kf1 Ne4 15. Qd4 f6 16. g3 Bc7 17. Qd1 Be5 18. Nd4 Bh3+ 19. Kg1 Qa5 20. Qb3 Rf7 21. Qxd5 Bxd4 22. Bxd4 f5 23. Bc4 Raf8 24. Bc5 Nexc5 25. Nxc5 Qc3 26. Rd1 Ne5 27. Be2 Kh8 28. Nd3 Nxd3 29. Qxd3 Qc5 30. f3 f4 31. Kf2 Re7 32. gxf4 Qh5 33. Rdg1 Qh4+ 34. Rg3 Rfe8 35. e4 Be6 36. Qd6 Bg8 37. Kg2 Rf7 38. Rg4 Qh5 39. Rc1 Rf6 40. Qc5 Qf7 41. f5 Rd8 42. Rc2 Rfd6 43. Qe3 R6d7 44. a4 Qf6 45. a5 Qa1 46. a6 bxa6 47. bxa6 Qe1 48. Qc3 Qxc3 49. Rxc3 Rd2 50. Kf2 Ra2 51. Ke3 Rdd2 52. Bd3 1-0

[Event "AUT-chT2S 9596"]
[Site "Austria"]
[Date "1995.??.??"]
[Round "?"]
[White "Petran, Pal"]
[Black "Mikac, Matjaz"]
[Result "1/2-1/2"]
[WhiteElo "2470"]
[BlackElo "2415"]
[PlyCount "34"]
[EventDate "1995.??.??"]
[Source "www.chesslib.no"]
[SourceDate "2004.05.04"]

1. d4 d5 2. Nf3 c5 3. dxc5 e6 4. c4 Bxc5 5. cxd5 exd5 6. e3 Nc6 7. Bb5 Nge7 8. O-O O-O 9. Nc3 Be6 10. Na4 Bd6 11. b3 a6 12. Bxc6 Nxc6 13. Bb2 Bg4 14. h3 Bh5 15. Rc1 Re8 16. Rc2 Re7 17. Rd2 Rd7 1/2-1/2

[Event "Gent Open"]
[Site "Gent"]
[Date "1993.??.??"]
[Round "?"]
[White "Den Boer, Ber"]
[Black "Lin Weiguo"]
[Result "1-0"]
[WhiteElo "2335"]
[BlackElo "2545"]
[PlyCount "63"]
[EventDate "1993.??.??"]
[Source "www.chesslib.no"]
[SourceDate "2004.05.04"]

1. d4 d5 2. Nf3 c5 3. g3 cxd4 4. Nxd4 e5 5. Nb3 Nc6 6. Bg2 Be6 7. O-O Qd7 8. Nc3 O-O-O 9. e4 d4 10. Nd5 Nb4 11. f4 Nxd5 12. exd5 Bxd5 13. fxe5 Bxg2 14. Kxg2 f6 15. exf6 Nxf6 16. Qf3 Be7 17. Rd1 Rhf8 18. Rxd4 Nd5 19. Qe4 Bf6 20. Rc4+ Kb8 21. Nc5 Qd6 22. Bf4 Nxf4+ 23. gxf4 Rf7 24. Qf3 Re7 25. Rf1 Rde8 26. Rd1 Re2+ 27. Kh3 R2e3 28. Rxd6 Rxf3+ 29. Kg2 Rfe3 30. Nd7+ Ka8 31. Nxf6 gxf6 32. Rxf6 1-0

[Event "TSGM October, Belgrade YUG"]
[Site "?"]
[Date "2001.??.??"]
[Round "7"]
[White "Popchev, M."]
[Black "Stojanovic, Mih"]
[Result "0-1"]
[WhiteElo "2450"]
[BlackElo "2425"]
[PlyCount "52"]
[EventDate "2001.??.??"]
[Source "www.chesslib.no"]
[SourceDate "2004.05.04"]

1. d4 d5 2. Nf3 c5 3. c3 Nf6 4. dxc5 e6 5. b4 a5 6. e3 axb4 7. cxb4 b6 8. Bb5+ Bd7 9. Be2 bxc5 10. bxc5 Ba4 11. Qd3 Na6 12. O-O Nb4 13. Qd4 Nc2 14. Qxa4+ Rxa4 15. Bb5+ Qd7 16. c6 Qc7 17. Bxa4 Nxa1 18. Bb2 Bb4 19. Bxa1 Qa5 20. Bb3 O-O 21. Rc1 Ne4 22. Ne5 Nc5 23. Bd4 Rc8 24. f4 f6 25. Nf3 Nxb3 26. axb3 Qa6 0-1

[Event "World Open"]
[Site "Philadelphia, PA USA"]
[Date "1995.??.??"]
[Round "3"]
[White "Filatov, Leonid"]
[Black "Garcia, Gildardo"]
[Result "0-1"]
[WhiteElo "2355"]
[BlackElo "2520"]
[PlyCount "122"]
[EventDate "1995.06.??"]
[Source "www.chesslib.no"]
[SourceDate "2004.05.04"]

1. d4 d5 2. Nf3 c5 3. e3 e6 4. a3 Nf6 5. b3 Be7 6. Bd3 Nc6 7. Bb2 b6 8. Nbd2 Bb7 9. O-O O-O 10. Qe2 Rc8 11. Ne5 Nxe5 12. dxe5 Ne4 13. Bxe4 dxe4 14. Rfd1 Qc7 15. Qg4 Qc6 16. Nc4 Rcd8 17. Nd6 Rd7 18. c4 g6 19. Qf4 f5 20. h4 Rfd8 21. Rd2 Bf8 22. Rad1 h6 23. Bc3 Kh7 24. a4 Bg7 25. Kh2 h5 26. Qg5 Rf8 27. Nb5 Rxd2 28. Rxd2 a6 29. Rd6 Qc8 30. Na7 Qe8 31. Rxb6 Ba8 32. Rxa6 Bh6 33. Qg3 f4 34. Qh3 fxe3 35. fxe3 Qf7 36. Nb5 Qf2 37. Qxe6 Qxh4+ 38. Qh3 Qf2 39. Ra7+ Kg8 40. Qg3 Qxg3+ 41. Kxg3 Bxe3 42. e6 Bh6 43. Kh3 Rd8 44. Rd7 Bg5 45. Rg7+ Kf8 46. Rxg6 Rd3+ 47. g3 Bd8 48. Be5 e3 49. Nd6 Rd1 50. g4 hxg4+ 51. Kxg4 Rg1+ 52. Kf5 Rf1+ 53. Kg4 Bf3+ 54. Kg3 Bh5 55. Rh6 e2 56. Bc3 Rf3+ 57. Kg2 Re3 58. Nf5 e1=N+ 59. Kg1 Bf7 60. Kf2 Re2+ 61. Kg3 Bc7+ 0-1

[Event "Ch Open"]
[Site "Frydek Mistek (Czech Republic"]
[Date "1996.??.??"]
[Round "3"]
[White "Drozdov, Igor"]
[Black "Velicka, Petr"]
[Result "0-1"]
[WhiteElo "2455"]
[BlackElo "2420"]
[PlyCount "146"]
[EventDate "1996.??.??"]
[Source "www.chesslib.no"]
[SourceDate "2004.05.04"]

1. d4 d5 2. Nf3 c5 3. c3 e6 4. Bf4 Nc6 5. e3 Bd6 6. Bg3 Nf6 7. Nbd2 O-O 8. Bd3 Re8 9. Ne5 Bxe5 10. dxe5 Nd7 11. Bb5 Qb6 12. a4 a6 13. Bxc6 Qxc6 14. O-O b6 15. Qc2 Bb7 16. Nf3 Rac8 17. Rfd1 h6 18. b3 Nf8 19. Rd2 Ng6 20. Rad1 Ne7 21. h3 Nf5 22. Bf4 Qc7 23. c4 d4 24. e4 Ne7 25. Qd3 Kh7 26. Bg3 Nc6 27. Qe2 Rcd8 28. Ne1 Nb4 29. Nd3 Nxd3 30. Rxd3 Qc6 31. f3 b5 32. Qc2 bxa4 33. bxa4 Qc7 34. Rb1 Bc6 35. Qa2 Rb8 36. Rdb3 Rxb3 37. Qxb3 Rc8 38. Qa3 Qa5 39. Be1 Qxa4 40. Qxc5 Bxe4 41. Qb4 Qxb4 42. Rxb4 Bg6 43. Kf2 Rc5 44. Ra4 Rxe5 45. Rxa6 Bd3 46. Bb4 Re2+ 47. Kg3 Bxc4 48. Ra7 Kg6 49. h4 h5 50. Ra5 f6 51. Ra1 d3 52. Rd1 Rb2 53. Bc3 Rc2 54. Bb4 e5 55. Kh3 f5 56. Re1 Kf6 57. Ba5 Bd5 58. Rd1 e4 59. fxe4 fxe4 60. Rd2 Bc4 61. Rxc2 dxc2 62. Bd2 Ke5 63. Kg3 Kd4 64. Kf2 Kd3 65. Bc1 Kc3 66. Ke3 Bd3 67. Ba3 Kb3 68. Bc1 Ka2 69. Kd2 Kb1 70. Ba3 g6 71. g3 Ba6 72. Ke3 Bb7 73. Kd2 Bc6 0-1

[Event "Cappelle op"]
[Site "Cappelle la Grande"]
[Date "1997.??.??"]
[Round "4"]
[White "Lipka, Juraj"]
[Black "Magomedov, Magaram"]
[Result "1/2-1/2"]
[WhiteElo "2370"]
[BlackElo "2505"]
[PlyCount "50"]
[EventDate "1997.02.15"]
[Source "ChessBase"]

1. Nf3 d5 2. d4 c5 3. e3 e6 4. b3 Nf6 5. Bb2 cxd4 6. exd4 Bb4+ 7. c3 Bd6 8. Bd3 O-O 9. O-O Nc6 10. c4 b6 11. Nbd2 Bb7 12. Qe2 Qe7 13. Rad1 Rfd8 14. Bb1 Rac8 15. Rfe1 Bb4 16. Rf1 Ba6 17. Bd3 g6 18. a3 Bxd2 19. Rxd2 Na5 20. c5 Bxd3 21. Rxd3 bxc5 22. dxc5 Ne4 23. b4 Nc4 24. Bc1 Qc7 25. Nd4 e5 1/2-1/2

[Event "JUG-chT"]
[Site "Budva"]
[Date "1996.??.??"]
[Round "5"]
[White "Todorcevic, Miodrag"]
[Black "Brenjo, Slavisa"]
[Result "1-0"]
[WhiteElo "2450"]
[BlackElo "2425"]
[PlyCount "121"]
[EventDate "1996.??.??"]
[Source "ChessBase"]

1. d4 d5 2. Nf3 c5 3. dxc5 e6 4. e4 Nf6 5. Bb5+ Bd7 6. Bxd7+ Qxd7 7. exd5 Qxd5 8. Qe2 Bxc5 9. Nc3 Qc6 10. Bg5 Nbd7 11. O-O O-O 12. Rad1 a6 13. Rd3 Rfe8 14. Rfd1 e5 15. Nh4 e4 16. Rg3 Qe6 17. Be3 Bf8 18. Rg5 g6 19. Nf5 Rac8 20. Nd4 Qc4 21. Qxc4 Rxc4 22. Nb3 b5 23. Rd2 h6 24. Rg3 Ne5 25. Bd4 Rc6 26. Re2 Ned7 27. Rge3 Rce6 28. a3 Bg7 29. h3 h5 30. Bxf6 Bxf6 31. Nd5 Bd8 32. Rc3 Rd6 33. Rd2 Nb6 34. Nc7 Bxc7 35. Rxc7 Rxd2 36. Nxd2 Re6 37. b3 Nd5 38. Rc5 Nf4 39. Nf1 Ne2+ 40. Kh2 f5 41. b4 Nd4 42. Ne3 g5 43. Nd5 Kf7 44. Rc7+ Kf8 45. c3 Nc2 46. h4 Rd6 47. Rc5 gxh4 48. Kh3 Kf7 49. Kxh4 Ne1 50. Nf4 Nd3 51. Rxf5+ Rf6 52. Rxf6+ Kxf6 53. Nxh5+ Ke5 54. Kg3 Kf5 55. Ng7+ Ke5 56. Ne8 Nf4 57. Nc7 Ne2+ 58. Kh4 Nxc3 59. g4 Ne2 60. Nxa6 Kf4 61. g5 1-0

[Event "Kavala"]
[Site "?"]
[Date "2006.08.05"]
[Round "3"]
[White "Bojchev Marian"]
[Black "Stojanovic Mihajlo"]
[Result "0-1"]
[WhiteElo "2325"]
[BlackElo "2547"]
[PlyCount "34"]
[EventDate "2006.??.??"]
[Source "www.chesslib.no"]
[SourceDate "2004.05.04"]

1. d4 d5 2. Nf3 c5 3. dxc5 e6 4. e4 Bxc5 5. exd5 exd5 6. Bd3 Nc6 7. O-O Bg4 8. h3 Bh5 9. Qe1+ Nge7 10. Qc3 Qd6 11. Nbd2 O-O 12. a3 Rac8 13. Ng5 Ne5 14. Qb3 h6 15. Ngf3 Nxf3+ 16. Nxf3 Bxf3 17. gxf3 Qg3+ 0-1

[Event "CRO-Cup"]
[Site "Pula CRO"]
[Date "1995.??.??"]
[Round "1"]
[White "Samovojska, Damir"]
[Black "Dizdar, Goran"]
[Result "1/2-1/2"]
[WhiteElo "2360"]
[BlackElo "2510"]
[PlyCount "103"]
[EventDate "1995.??.??"]
[Source "www.chesslib.no"]
[SourceDate "2004.05.04"]

1. d4 d5 2. Nf3 c5 3. c3 Nc6 4. dxc5 a5 5. e4 Nf6 6. exd5 Nxd5 7. Bb5 e6 8. Ne5 Bd7 9. Bxc6 Bxc6 10. Nxc6 bxc6 11. Qd4 Qe7 12. b4 Qb7 13. Nd2 axb4 14. Rb1 Rxa2 15. O-O Nxc3 16. Rxb4 Nb5 17. Qg4 h5 18. Qg3 Ra1 19. Qe5 Ra7 20. Nf3 Qc7 21. Qb2 Rg8 22. Bf4 Qc8 23. Rxb5 cxb5 24. Qxb5+ Ke7 25. Bd6+ Kf6 26. c6 g5 27. Qe5+ Kg6 28. Qxg5+ Kh7 29. Qxh5+ Bh6 30. Qc5 Ra6 31. Nd4 Bg7 32. Qc2+ f5 33. Qc4 Bxd4 34. Qxd4 Qxc6 35. Qh4+ Kg6 36. Bf4 Ra4 37. Qg5+ Kf7 38. Qh5+ Rg6 39. Qh7+ Rg7 40. Qh5+ Rg6 41. Qh7+ Rg7 42. Qh5+ Kg8 43. Bg5 Rc4 44. h4 f4 45. f3 Rc2 46. Qg4 e5 47. Rd1 Rc1 48. Rxc1 Qxc1+ 49. Kh2 Qe1 50. Qc8+ Kh7 51. Qf5+ Kg8 52. Qc8+ 1/2-1/2

[Event "34. Olympiad"]
[Site "?"]
[Date "2000.10.30"]
[Round "3"]
[White "Limp Eduardo"]
[Black "Mallahi Amir"]
[Result "1-0"]
[WhiteElo "2480"]
[BlackElo "2389"]
[PlyCount "81"]
[EventDate "2000.??.??"]
[Source "www.chesslib.no"]
[SourceDate "2004.05.04"]

1. d4 d5 2. Nf3 c5 3. e3 Nc6 4. Nbd2 e6 5. b3 Nf6 6. Bb2 Bd6 7. Bd3 O-O 8. O-O Qe7 9. Ne5 cxd4 10. exd4 Ba3 11. Qc1 Bxb2 12. Qxb2 Bd7 13. a3 Rac8 14. Rae1 Nxe5 15. dxe5 Ne8 16. Re3 Nc7 17. Rh3 g6 18. a4 b5 19. a5 b4 20. Qd4 Nb5 21. Qe3 f5 22. exf6 Rxf6 23. Qe5 Nd6 24. Re3 Re8 25. Rfe1 Nf5 26. R3e2 Ref8 27. Nf3 Qc5 28. Qa1 Ng7 29. Qd4 Qxa5 30. Ra1 Qd8 31. Rxa7 Nh5 32. Ne5 Rf4 33. Qe3 Bc8 34. g3 d4 35. Qd2 Qb6 36. Ra4 Bb7 37. Qxb4 Qc7 38. Ra7 Rb8 39. gxf4 Nxf4 40. Qxd4 Nxe2+ 41. Bxe2 1-0